000 00810nam a22002415i 4500
001 168081
003 ES-MaACL
005 20251014063247.0
008 000124s1883 fr ad |||| | fre d
040 _aM-RACE
_bspa
_cM-RACE
_dCCPB | B
080 _a523.9
100 1 _aYoung, Charles Augustus,
_d1834-1908
_9147537
245 1 3 _aLe soleil /
_cpar C.-A. Young.
260 _aParis :
_bLibrairie Germer Baillière et Cie.,
_c1883.
300 _aVIII, 268 p. :
_bil. ;
_c22 cm.
490 1 _aBibliothèque scientifique internationale ;
_v44
504 _aIndice.
599 1 _aAvec 58 figures dans le texte.
650 4 _aSol.
_9188781
830 0 _aBibliothèque scientifique internationale ;
_v44
_9186949
852 _aES-MaACL
_jF-14373
_z-- Enc. ed. en tela
999 _c168081
_d168081